You Can Win. (Record no. 2409)

MARC details
000 -LEADER
fixed length control field 00373nam a22001697a 4500
005 - DATE AND TIME OF LATEST TRANSACTION
control field 20160611140417.0
008 - FIXED-LENGTH DATA ELEMENTS--GENERAL INFORMATION
fixed length control field 160611b xxu||||| |||| 00| 0 eng d
020 ## - INTERNATIONAL STANDARD BOOK NUMBER
ISBN 9780333937402
041 ## - LANGUAGE CODE
Language code of text/sound track or separate title eng
082 ## - DEWEY DECIMAL CLASSIFICATION NUMBER
Item number 6921
100 ## - MAIN ENTRY--AUTHOR NAME
Personal name Khera, Shiv
245 ## - TITLE STATEMENT
Title You Can Win.
260 ## - PUBLICATION, DISTRIBUTION, ETC. (IMPRINT)
Name of publisher Mac Millan
Year of publication 1998
300 ## - PHYSICAL DESCRIPTION
Number of Pages 290
650 ## - SUBJECT ADDED ENTRY--TOPICAL TERM
Topical Term Management
942 ## - ADDED ENTRY ELEMENTS (KOHA)
Koha item type Books
Holdings
Lost status Damaged status Home library Current library Date acquired Cost, normal purchase price Accession Number Koha item type Collection code Shelving location Full call number
    JRU Library JRU Library 11/06/2016 365.00 6921 Books      
    JRU Library JRU Library 11/06/2016 365.00 6922 Books LIFE SKILL SHELF-102-F 658.314
    JRU Library   11/06/2016 365.00 6923 Books   SHELF-52-D 6921
    JRU Library JRU Library 11/06/2016 365.00 6924 Books LIFE SKILL SHELF-102-F 6921
    JRU Library JRU Library 11/06/2016 365.00 6925 Books LIFE SKILL SHELF-102-F 6921
    JRU Library JRU Library 11/06/2016 365.00 6926 Books LIFE SKILL SHELF-102-F 6921